000 00621nam a2200217Ia 4500
001 8400
003 GE_BSU
008 181216s||||||||xx |||||||||||||| ||und||
040 _cGE_BSU
080 _a821.353.1-1
100 _aერისთავი,თამარ
245 _aიალკიაი
245 _bლექსები
245 _cრედ. ტ.მებურიშვილი, მხატვ. გ.ლომიძე
260 _aთბილისი
260 _bმერანი
260 _c1981
300 _a107გვ.15სმ.
653 _aიალკიაი
942 _cBK
999 _c41720
_d41720